000 00986nam a22003017a 4500
003 CHAP
005 20220329134629.0
008 971013s1978 r 00010 d
010 _a23282
011 _a24254
035 _a28353
040 _cCHAP
082 _a338.9721
_bC6
110 _aComisión del Plan Nacional Hidráulico. México
_925701
245 _aProyecto piloto Tantoán-Santa Clara, Tamps., Bajo Río Pánuco
260 _aMéxico :
_b(s.e.),
_c1978
300 _a137 h.
_b: cuadros
590 _aBATCH-UPD
_b10
_c20130110
_lUCH01
_h0146
590 _aBATCH-UPD
_b10
_c20130110
_lUCH01
_h2249
590 _aBATCH-UPD
_b10
_c20130410
_lUCH01
_h1543
590 _aBATCH-UPD
_b10
_c20130913
_lUCH01
_h2122
590 _aCONVERSION
_b10
_c20130109
_lUCH01
_h1314
650 1 4 _aAgricultura
_xTamaulipas.
_91833
650 1 4 _aTamaulipas
_xCondiciones económicas.
_9111522
901 _aBK
942 _cLIBRO
949 _a338.9721 C6
_bBC
_cLIBRO
_d-65433
_eLIBRO
_h60672
_i28353
_mD
_si
999 _c23282
_d23282